Current Leaders by Picture: Asia 🌏 - Statistics

General Stats
  • This quiz has been taken 97 times
  • The average score is 15 of 48
Answer Stats
Picture Answer % Correct
Xi Jinping
98%
Kim Jong-un
88%
Narendra Modi
88%
Recep Tayyip Erdoğan
86%
Benjamin Netanyahu
81%
Bashar al-Assad
71%
Mohammed bin Salman
64%
Ali Khamenei
60%
Ilham Aliyev
52%
Bongbong Marcos
48%
Joko Widodo
48%
Fumio Kishida
40%
Kassym-Jomart Tokayev
40%
Abdullah II
38%
Mahmoud Abbas
38%
Sheikh Hasina
38%
Serdar Berdimuhamedow
36%
Yoon Suk-yeol
33%
Emomali Rahmon
31%
Nikol Pashinyan
29%
Tamim bin Hamad Al Thani
29%
Tsai Ing-wen
29%
Hassanal Bolkiah
24%
Hibatullah Akhundzada
24%
Anwar Ibrahim
21%
Mohammed Shia' Al-Sudani
21%
Sadyr Japarov
21%
Shavkat Mirziyoyev
21%
Hamad bin Isa Al-Khalifa
17%
Khalifa bin Zayed Al Nahyan
17%
Lee Hsien Loong
17%
Hun Manet
14%
Ibrahim Mohamed Solih
12%
Najib Mikati
12%
Nawaf Al-Ahmad Al-Jaber Al-Sabah
12%
Thongloun Sisoulith
12%
Haitham bin Tariq al-Said
10%
Min Aung Hlaing
10%
Rashad al-Alimi
10%
Srettha Thavisin
10%
Anwar ul Haq Kakar
7%
Irakli Garibashvili
7%
Pushpa Kamal Dahal
7%
Xanana Gusmão
7%
Nikos Christodoulides
5%
Ranil Wickremesinghe
5%
Nguyễn Phú Trọng
2%
Oyun-Erdene Luvsannamsrai
0%
No matching quizzes found
Score Distribution
Percent of People with Each Score
Percentile by Number Answered
Your Score History
You have not taken this quiz